<?xml version="1.0" encoding="UTF-8"?>
<marc:record xmlns:marc="http://www.loc.gov/MARC21/slim">
   <marc:leader>00000nam a2200000 a 4500</marc:leader>
   <marc:datafield ind1="0" ind2="0" tag="245">
      <marc:subfield code="a">Ein Mann Namens Ove</marc:subfield>
   </marc:datafield>
   <marc:datafield ind1=" " ind2="1" tag="264">
      <marc:subfield code="a">Wien</marc:subfield>
      <marc:subfield code="b">Concolino</marc:subfield>
      <marc:subfield code="c">2015</marc:subfield>
   </marc:datafield>
   <marc:datafield ind1="1" ind2=" " tag="520">
      <marc:subfield code="a">Charmant-komische Verfilmung des gleichnamigen Bestsellers von Fredrik Backman - rührend, lustig, sarkastisch: herrlich schwedisch!&#xD;
&#xD;
So einen Nachbarn wie Ove kennt jeder: Schlecht gelaunt, grantig, in die Jahre gekommen. Einer der jeden Morgen seine Kontrollrunde in der Reihenhaussiedlung macht, Falschparker aufschreibt und Mülltonnen auf korrekte Mülltrennung überprüft. Aber hinter seinem Gegrummel verbergen sich ein großes Herz und eine berührende Geschichte. Seit Oves geliebte Frau Sonja gestorben ist, sieht er keinen Sinn mehr im Leben und trifft praktische Vorbereitungen zum Sterben. Doch dann zieht im Reihenhaus nebenan eine junge Familie</marc:subfield>
   </marc:datafield>
   <marc:datafield ind1=" " ind2=" " tag="041">
      <marc:subfield code="a">ger</marc:subfield>
   </marc:datafield>
   <marc:datafield ind1="1" ind2=" " tag="521">
      <marc:subfield code="a">FSK ab 12 freigegeben</marc:subfield>
   </marc:datafield>
   <marc:datafield ind1="1" ind2=" " tag="521">
      <marc:subfield code="a">12</marc:subfield>
   </marc:datafield>
   <marc:datafield ind1=" " ind2=" " tag="338">
      <marc:subfield code="a">Videodisk</marc:subfield>
   </marc:datafield>
</marc:record>
